[Event "EU-ch 8th"]
[Site "Dresden"]
[Date "2007.04.11"]
[Round "8"]
[White "Avrukh, Boris"]
[Black "Babula, Vlastimil"]
[Result "1-0"]
[WhiteElo "2644"]
[BlackElo "2586"]
[Annotator "Avrukh,B"]
[PlyCount "83"]
[EventDate "2007.04.03"]
[EventType "swiss"]
[EventRounds "11"]
[EventCountry "GER"]
[SourceTitle "CBM 118"]
[Source "ChessBase"]
[SourceDate "2007.05.31"]
[SourceVersion "1"]
[SourceVersionDate "2007.05.31"]
[SourceQuality "1"]

1. d4 Nf6 2. c4 e6 3. g3 d5 4. Nf3 dxc4 5. Bg2 a6 6. O-O Nc6 7. e3 ({Another
popular alternative is} 7. Nc3) 7... Bd7 8. Nc3 ({Also interesting is} 8. Qe2)
8... Nd5 9. Nd2 Nb6 ({Another theoretical line runs} 9... Nxc3 10. bxc3 b5) 10.
Qe2 Na5 {This move was first introduced into tournament practice by Michael
Adams in his semi-final match against Radjabov. Recently there has been
another top level game, Kramnik-Carlsen 2007, and I believe now this idea
might become a popular one. Already in Dresden this position has occurred 3
times and Black scored 2 wins. Black's idea is very simple, he decides to hold
his extra pawn. Still I believe White has enough resources to prove that he
has sufficient compensation.} 11. Nf3 $5 $146 {Certainly I did some homework
and came up with a new idea.} ({The point is after} 11. Qh5 $140 Bb4 12. a3 g6
$1 {Black is perfectly OK.}) (11. e4 {Radjabov-Adams 2004}) (11. Nde4 {was
tried by Kramnik.}) 11... Nc6 {Definitely Black could have moved his bishop to
any square (11...Bb4, 11...Be7, 11...Bd6), but I would prefer not to show my
ideas:). Also the move in the game looks quite logical.} 12. e4 $44 {Finally
we have got a typical Catalan position. Though a pawn down White has a very
strong centre and the better development. I believe if you decide to play the
Catalan opening with White, you shouldn't be afraid of this type of position.}
Bb4 {Certainly this move is much more active than 12...Be7. It's important in
some lines Black has an opportunity to eliminate White's N (c3).} (12... Be7
13. Bf4 O-O 14. Rad1 $44) 13. Rd1 ({The alternative would be} 13. d5 {, but I
didn't like the position after} Na5 (13... exd5 14. Nxd5 Bg4 15. Bf4 Nd4 16.
Qe3 Nc2 17. Nxc7+ Qxc7 18. Qc1 $14) 14. dxe6 Bxe6 15. Rd1 Qe7) ({I have almost
blundered} 13. Bg5 $2 Nxd4 $19 {[%csl Gg5]}) 13... O-O 14. d5 $6 {It's too
early for this breakthrough.} ({Any other normal move would have been better} 
14. Bf4 $44) (14. Be3 $44) (14. h4 $5) 14... exd5 15. Nxd5 Nxd5 16. exd5 ({
The following doesn't work} 16. Rxd5 Qe7 $1 17. Qxc4 $140 Be6 $17) 16... Ne7 $2
({We both missed, that after} 16... Na5 $1 17. Qc2 {Black has the very strong}
(17. Bf4 Bg4) 17... Qf6 $1 {and now it looks like the best for White should be}
18. Bd2 Bxd2 19. Nxd2 (19. Qxd2 b6 (19... Bg4 20. Qxa5 Bxf3 21. Bxf3 Qxf3 22.
Qxc7 {and d-pawn might be dangerous.}) 20. Nd4 Rad8 $15) 19... Rfe8 20. Nxc4
$11) 17. Qxc4 Bd6 18. b3 {During the game I was pretty happy to find this idea,
but now it seems to me, that 18.Bd2 was stronger.} (18. Bd2 $1 {White keeps
pressure in all lines :} Nf5 (18... Re8 19. Re1 h6 20. Bc3 $14) (18... Ng6 19.
Re1 Re8 20. Bc3 $14) 19. Re1 Re8 20. Rxe8+ Qxe8 21. Re1 Qf8 22. Ne5) 18... Re8
19. Bb2 Nf5 20. Rac1 (20. Re1 Rxe1+ ({After} 20... f6 {[%csl Ge5] I saw an
interesing idea} 21. Re6 Bxe6 22. dxe6 $44 {and I believe White has nice
compensation for the exchange.}) 21. Rxe1 Qf8 22. Ne5 Re8 $1 $132 {a very
important move, which would have been impossible with White's B on d2.}) 20...
Rc8 21. h4 {I didn't manage to find a good plan, so I decided to make a useful
move. Meanwhile the correct idea was} (21. Qd3 $142 f6 22. Nd2 {[%cal Gd2c4]
transfering the N to c4, in this case I think White keeps some pressure.})
21... f6 $1 {Good positional move, Black covers the e5-square, at the same
time cutting the diagonal of White's dark squared bishop.} 22. g4 {A
double-edged decision, I knew this move might be risky, but I decided to
sharpen the play in mutual timetrouble.} ({After} 22. Re1 Kh8 $1 (22... Rxe1+
23. Rxe1 Qf8 24. Nd2 Re8 25. Rxe8 Qxe8 26. Ne4 $14) 23. Nd2 c6 {Black doesn't
have any serious problems.}) 22... Nh6 ({Worse is} 22... Bb5 23. Qc2 Nh6 24. g5
Re2 25. Rd2 Rxd2 26. Qxd2 Ng4 27. Nd4 fxg5 28. Ne6 {with initiative.}) 23. g5
fxg5 ({Black had another good option} 23... Ng4 24. Re1 Rxe1+ (24... Bf5 25.
Re6 $1) 25. Rxe1 Qf8 26. gxf6 (26. Re6 f5 $1 27. Re1 Re8 $11) 26... Nxf6 27.
Ng5 {it looks like White gets active play, but the computer shows, that Black
is perfectly OK after:} Re8 28. Ne6 Qf7 $11) 24. Nxg5 (24. hxg5 $6 Nf7 25. Qc3
Ne5 $17) 24... b5 (24... Nf5 $5 25. Re1 (25. Qg4 Nh6 26. Qc4 Nf5 $11) 25... h6
26. Nf3 (26. Ne6 Qxh4 27. Qxh4 Nxh4 28. Be4 Re7) 26... Rxe1+ 27. Rxe1 Qf8 28.
Ne5 Re8 29. Bc3 Bc8 30. Re4 Qf6 31. Ng4 Qf7 32. Ne5 $11) 25. Qc3 Be5 26. Qc2 $5
(26. Qd2 Bd6 $1 {/\ 27...Nf5} (26... Qf6 $6 27. Bxe5 Qxe5 28. Re1 Qd6 29. Rxe8+
Rxe8 30. Ne4 {White has some pressure.})) 26... Bf5 27. Qd2 {I was pretty
happy, that he cannot jump with his N to f5 and c6-square is weak, but in fact
this is not so important and Black keeps the balance.} Nf7 $2 {A serious
mistake, unfortunately it was not so easy to exploit it.} ({After the natural} 
27... Bxb2 28. Qxb2 Ng4 29. Ne6 (29. d6 cxd6 30. Rxc8 Qxc8 31. Rxd6 Re1+ 32.
Bf1 Re8 $11) 29... Bxe6 30. dxe6 Qxh4 31. Rd7 {White has good compensation,
although Black is OK after} Nf6 32. Qe2 c5) 28. Bxe5 $2 ({We both calculated
the line} 28. Nxf7 Kxf7 29. Bxe5 Rxe5 30. Qf4 Qd6 {and stopped here, wrongly
evaluating the position as fine for Black, because White has no time for 31.
Rc6, since Black is threatening 31...Re1, but in fact White has the
computerlike move} 31. Rf1 $3 {followed by 32.Rc6 and 33.Rfc1 with a clear
advantage.}) 28... Nxe5 29. Qf4 Qf6 30. Qg3 h6 31. Ne6 c6 $1 {Just in time.}
32. Nf4 (32. Nd4 cxd5 33. Bxd5+ Kh7 $11) 32... cxd5 33. Nxd5 Qf7 $6 {Another
inaccuracy, which once again I failed to exploit.} ({The right move would have
been} 33... Qg6 $142 34. Rxc8 Bxc8 35. Qxg6 Nxg6 36. Nc7 Rf8 $11) 34. Ne3 $6 (
34. Rxc8 Bxc8 35. Rc1 $1 {with initiative.}) 34... Rxc1 $6 $138 {Definitely
it's not a good idea to give-up the c-file.} ({Black could have played the
simple} 34... Kh8 35. Bd5 Qf6 36. Rxc8 Bxc8 {with equality.}) 35. Rxc1 {
[%cal Gc1c8]} Nd7 $2 {This is already the decisive mistake.} (35... Qf6 $142
36. Rc7 (36. Rc5 Bd7) 36... Bd7 37. h5 Kh8 (37... Rc8 38. Ra7) 38. Ra7 $14 {
White keeps some pressure.}) 36. Rc7 $16 {Now White has a clear advantage.} ({
Also strong was} 36. Qd6 $16) 36... Be6 (36... Qf6 37. Rc6 Qa1+ 38. Kh2 Be6 39.
Rxa6 $16) 37. Ra7 (37. Qd6 Qe7 38. Qxe7 Rxe7 39. Ra7 $16) 37... Rf8 38. Rxa6
Nf6 (38... Nc5 39. Rd6 $16) 39. Qe5 Bc8 ({Of course more stubborn was} 39...
Bd7 $142 {but after} 40. Qd4 {White keeps a healthy extra pawn.} (40. Rd6 $5)
40... Rc8 41. a4 $16) 40. Ra8 Kh8 41. Qc5 $18 {[%csl Gf8]} Nh5 $6 (41... Nd7
$142 42. Qc2 Nb6 43. Rb8 Qf6 44. Qd2 $18) (41... Ne4 $140 42. Qxf8+ $1 Qxf8 43.
Bxe4 $18) 42. Nf5 $1 {Now Black cannot avoid heavy material loses.} 1-0

[Event "EU-Cup 21st"]
[Site "Saint Vincent"]
[Date "2005.09.23"]
[Round "6.2"]
[White "Avrukh, Boris"]
[Black "Naiditsch, Arkadij"]
[Result "0-1"]
[WhiteElo "2652"]
[BlackElo "2612"]
[Annotator "Avrukh,B"]
[PlyCount "108"]
[EventDate "2005.09.18"]
[EventType "team-swiss"]
[EventRounds "7"]
[EventCountry "ITA"]
[SourceTitle "CBM 110"]
[Source "ChessBase"]
[SourceDate "2006.01.31"]
[SourceVersion "1"]
[SourceVersionDate "2006.01.31"]
[SourceQuality "1"]
[WhiteTeam "Beer Sheva"]
[BlackTeam "Eynatten"]
[WhiteTeamCountry "ISR"]
[BlackTeamCountry "BEL"]

1. d4 Nf6 2. c4 e6 3. g3 d5 4. Nf3 dxc4 5. Bg2 Nc6 6. Qa4 Nd7 ({Another line is
} 6... Bb4+) 7. Qxc4 Nb6 8. Qb5 $5 {A very interesting idea, which actually
has been introduced into the tournament practice by Vladislav Tkachiev.} ({
The normal continuation is} 8. Qd3) 8... Bd7 {A novelty, which Arkadij
introduced in his game against Nielsen.} (8... Qd5 9. Nc3 Bb4 10. Qd3 e5 11.
O-O Bxc3 12. Nxe5 Qxd4 13. Nxc6 Qxd3 14. exd3 Bf6 15. Re1+ Kf8 16. Bd2 g5 17.
Na5 c6 18. Bc3 Bxc3 19. bxc3 $14 {1/2-1/2 Tkachiev,V-David,A/Aubervilliers
2003 (19)}) ({We can see the main idea of 8 Qb5 after} 8... a6 9. Qd3 e5 10.
Be3 exd4 11. Nxd4 Nxd4 12. Qxd4 Qxd4 13. Bxd4 {and Black cannot play c6, while
the position of his N on b6 rahter vulnerable.} Bb4+ 14. Nc3 O-O 15. O-O-O Nc4
16. Nd5 Bd6 17. Bc3 Re8 18. Rd4 Ne5 19. Nb6 $1 $36 {1-0 Avrukh,B-Berg,E/Bajada
de la Virgen ESP 2005/The Week in Chess}) 9. Qb3 Na5 10. Qc2 ({Of course not} 
10. Qc3 Nd5 $1 11. Qxa5 $140 $4 Bb4+ $19) 10... Rc8 {[%cal Gc7c5] Certainly
Black's main idea is to play c7-c5.} 11. Bd2 $5 $146 {Actually this move is a
recommendation of Ribli, which was pointed out in his comments to the
Nielsen-Naiditsch game.} (11. O-O $143 {Black doesn't experience any problems
after} c5 12. Nc3 (12. Bg5 $5) 12... cxd4 13. Nxd4 Bb4 {[%cal Gc8c2]} 14. Qe4
$6 (14. Nb3 $5) (14. Qd3 $5) 14... Bxc3 15. bxc3 O-O $15 {[%csl Rc3] 0-1
Nielsen,P-Naiditsch,A/Dortmund 2005/CBM 108/[Ribli] (58)}) 11... Nac4 {The
best reply.} ({After} 11... Nbc4 12. Bc3 c5 13. dxc5 Bxc5 14. O-O $1 {White is
much better} (14. b4 $143 Bxb4 15. Bxb4 Ne3 16. Qb2 Rc2 {The position is equal,
due to the following line:} 17. Qxg7 (17. Qd4 Rc1+ 18. Kd2 Rc4 19. Qxe3 Ba4+
20. Qd3 Rc2+ 21. Ke1 Rc1+ 22. Kd2 Rc2+ $11) 17... Rxe2+ $3 18. Kxe2 Bb5+ 19.
Kxe3 Qd3+ 20. Kf4 Qf5+ 21. Ke3 Qd3+ $11) 14... Qb6 (14... O-O $2 15. b4 $18)
15. b3 (15. b4 $5) 15... Nd6 16. Ne5 $16) 12. Ne5 ({Certainly not} 12. Bc3 c5
13. O-O cxd4 14. Nxd4 {[%csl Gb7]} Nd6 {with equal play.}) 12... Nxe5 13. dxe5
c6 $2 {This looks rather passive .} ({In my opinion the principal line should
be:} 13... Nd5 14. O-O (14. Nc3 Nb4 15. Qb3 c5 $13) 14... c5 15. Nc3 Nxc3 (
15... Nb4 16. Qc1 Bc6 17. Ne4 $36 {[%cal Cd8d4,Cc6e4,Gd2c3,Gf1d1]}) 16. Bxc3
Qc7 17. f4 Be7 $13) 14. Nc3 Qc7 ({Doesn't work} 14... Nc4 15. Bf4 Qa5 {in view
of} 16. Qb3 Nxe5 17. Qxb7 $1 {with clear advantage for White.}) 15. Bf4 $1 {
After the game almost all my firends claimed this move as beginning of a wrong
plan. 15 f4 was recommended as improvement, but even now, after spending some
hours analysing this game, I am pretty sure, that my choice was the right one.}
({After} 15. f4 {Black has two reasonable alternatives} Be7 ({and} 15... Nd5
16. Ne4 c5 17. O-O Be7 18. Rad1 O-O {[%cal Gd7c6]}) 16. O-O-O c5 17. Ne4 Ba4 $1
18. b3 Bc6 19. Nd6+ Bxd6 20. exd6 Qd7 {[%cal Oc6g2,Gc5c4] in both cases with
good play for Black.}) 15... Nd5 16. Ne4 (16. O-O Nxc3 17. Qxc3 Be7 18. Rfd1
Rd8 {and Black is more or less ok.}) ({But an even stronger option would be} 
16. O-O-O $1 Be7 (16... Nxc3 17. Qxc3 Be7 18. h4 $1 h6 (18... O-O 19. Bg5 $1 {
[%csl Gd6]}) 19. g4 $40) 17. Ne4 O-O 18. Bg5 $40) 16... Bb4+ 17. Kf1 Be7 (17...
O-O 18. Ng5 g6 19. Ne4 $36) 18. h4 $6 ({The correct continuation would be} 18.
Nd6+ $1 Bxd6 19. exd6 Qb6 20. Rd1 $1 O-O (20... f6 21. Bc1 O-O 22. e4 Nb4 23.
Qb3) 21. Be4 h6 22. Kg2 {and White keeps better chances.}) 18... Rd8 (18...
Nxf4 $143 19. gxf4 c5 20. Rd1 {[%cal Ge4d6]}) 19. Rd1 ({Now} 19. Nd6+ Bxd6 20.
exd6 Qb6 {leads only to an equal game after} (20... Qa5 21. Bd2 $1) 21. h5 h6 (
21... Nxf4 22. gxf4 O-O 23. h6 g6 24. Rh3 c5 25. Rd1) 22. Rd1 O-O 23. Rh4 Nxf4
24. Rxf4 e5 25. Rh4 c5 $11) 19... Nxf4 20. gxf4 Bc8 $1 {Accurately played} ({
Worse is} 20... O-O 21. Ng5 g6 22. Be4 $1 (22. Ne4 h5 (22... Bc8 23. h5 Rxd1+
24. Qxd1 Rd8 25. Qb1 Qd7)) 22... Bc8 23. Rxd8 (23. Bd3 Rd4 $1 24. e3 Rd5 $132 {
[%cal Gf8d8]}) 23... Rxd8 24. Nf3 {[%cal Gh4h5] and White's attack might be
dangerous.}) 21. Rxd8+ Qxd8 22. Rh3 O-O 23. Ng5 (23. Rd3 Qa5 24. Nd6 Rd8 $1 (
24... Bxd6 25. exd6 Rd8 26. Qb3 $14) 25. a3 h6 $1 {[%csl Gh4] and White has
problems with his h4 pawn.}) 23... g6 24. Rg3 $6 (24. Be4 $142 Qa5 25. Nf3 Qxa2
(25... f5 26. exf6 Rxf6 27. h5 e5 28. Rh1 exf4 29. hxg6 hxg6 30. Bxg6 $40) 26.
h5 Kg7 27. Rg3 Qa1+ 28. Kg2 Rg8 29. hxg6 hxg6 30. Bxg6 Kf8 $11) 24... Qd4 $1
25. Be4 Rd8 $11 {Now Black manages to simplify the position and it's already
White who has to be careful.} 26. Rd3 Qb6 27. h5 (27. Nf3 Rxd3 28. Bxd3 Qc5 $11
) 27... Rxd3 28. Bxd3 (28. Qxd3 {I saw the following line} Qxb2 29. hxg6 fxg6
30. Bxg6 $1 Qc1+ 31. Kg2 Qxf4 32. Bf7+ Kf8 33. Nxe6+ Bxe6 34. Bxe6 Qxe5 35. Bc8
$1 {with good chances to make a draw, but I decided not to force the game.})
28... Bxg5 29. fxg5 Qd4 30. Qd2 $1 {The only move, which allows White to keep
the balance.} b6 (30... Qxe5 31. hxg6 hxg6 32. Bxg6 Qd5 33. Qxd5 exd5 34. Bd3
$11) 31. hxg6 hxg6 32. Qc3 Qd5 33. f3 c5 34. b4 Kg7 35. a3 $2 $138 ({Both} 35.
a4 Bd7 36. b5 Qa2 37. Bc2) ({and} 35. bxc5 bxc5 36. a4 Bd7 37. a5 {would
promise White an easy draw.}) 35... cxb4 $1 {I completely forgot about this
move, which allows Black to create a passed pawn.} 36. axb4 ({Loses} 36. Qxc8
bxa3 37. Qc3 a2 $19 {[%cal Gb6b5,Gb5b4,Gb4b3]}) 36... Bd7 37. Qa3 $2 {The
final mistake in a difficult position.} (37. Bc4 Qd1+ 38. Kg2 Qa4) (37. Ke1
$142 a5 (37... Bb5 38. Bc2) 38. bxa5 bxa5 39. Bc4 (39. Kd2 a4) 39... Qc5 40.
Kd2 a4 {and being short of time it would be incredibly difficult for me to
hold this position.}) 37... Bb5 $1 $19 38. Bxb5 Qxb5 {The queen endgame
doesn't promise White any chances for survival.} 39. Qxa7 Qxb4 40. Qc7 Qd4 $1
41. Qd6 Qa1+ 42. Kf2 b5 43. f4 Qa4 $1 44. Ke3 b4 {The rest is very easy and
doesn't require any special comments.} 45. Qd8 Qa3+ 46. Kf2 b3 47. Qf6+ Kg8 48.
f5 Qc5+ 49. Kg2 Qd5+ 50. Kf2 Qd4+ 51. e3 Qh4+ 52. Ke2 Qc4+ 53. Kf3 Qf1+ 54. Kg3
Qxf5 0-1

[Event "EU-ch 8th"]
[Site "Dresden"]
[Date "2007.04.13"]
[Round "10"]
[White "Beliavsky, Alexander G"]
[Black "Van den Doel, Erik"]
[Result "1-0"]
[WhiteElo "2648"]
[BlackElo "2580"]
[Annotator "Avrukh,B"]
[PlyCount "69"]
[EventDate "2007.04.03"]
[EventType "swiss"]
[EventRounds "11"]
[EventCountry "GER"]
[SourceTitle "CBM 118"]
[Source "ChessBase"]
[SourceDate "2007.05.31"]
[SourceVersion "1"]
[SourceVersionDate "2007.05.31"]
[SourceQuality "1"]

1. d4 d5 2. Nf3 e6 3. g3 Nf6 4. c4 dxc4 5. Bg2 Nc6 6. O-O a6 7. e3 Bd7 8. Nc3
Nd5 9. Qe2 {A relatively rare continuation, which definitely requires further
testing.} ({A more common move is} 9. Nd2 {with a lot of theory.}) 9... b5 10.
Nxd5 ({A quite interesting line looks to be} 10. e4 Nxc3 11. bxc3 {with
typical Catalan compensation; strangely enough this has never occured in
tournament practice.}) 10... exd5 11. e4 Qe7 $5 $146 {Quite an interesting
novelty. Despite Black losing this game, it seems to me his 11th move is
worthy of consideration.} ({I found only two examples, where this position has
been occured, in both Black tried} 11... Bd6 12. exd5+ Ne7 13. b3 cxb3 14. axb3
O-O 15. Ne5 Re8 {Yevseev-Yakovenko 2003} ({and} 15... a5 {Yevseev-Riazantsev
2005})) ({Certainly} 11... dxe4 $2 12. Qxe4+ Be7 13. Re1 $36 {is extremely
dangerous for Black.}) 12. a4 ({Another option for White would have been} 12.
e5 {with a very complicated game after both} O-O-O ({and} 12... Bf5 $5)) 12...
b4 $2 {Already the decisive mistake, which leads to an immediate disaster.} ({
Certainly Black should have tried the natural} 12... Qxe4 {and the position
remains highly unclear with a lot of play.} 13. Qd1 (13. Qxe4+ $6 dxe4 14. axb5
Nb4 15. Ne5 Bxb5 16. Bxe4 Rd8 $15) ({Also interesting was} 13. Be3 $5 Rb8 $13 (
13... Qd3 14. Qxd3 cxd3 15. axb5 Nb4 16. bxa6 f6 17. Bd2 $14)) 13... Qd3 14.
axb5 (14. Bd2 b4) 14... Qxd1 15. Rxd1 Nb4 16. Bd2 f6 $11 {and it seems to me
Black is OK.}) 13. Re1 O-O-O ({Nothing is gained by} 13... dxe4 14. Qxc4 f5 15.
Ng5 {followed by 16.Ne4}) 14. Qf1 $1 {[%csl Gc4,Gd5] Simple and strong, now
Black's pawn structure is falling apart and White easily launches the decisive
attack .} dxe4 (14... Na5 15. exd5 Qd6 16. Ne5 {is hopeless as well.}) 15. Qxc4
$18 {[%csl Rc8]} Kb7 16. Ng5 (16. Bf1 Nb8 17. Ng5 $18) 16... Be6 (16... f5 {
simply loses:} 17. Nf7 Bc8 18. Bg5 Rxd4 19. Qxc6+ Kxc6 20. Bxe7 Bxe7 21. Nxh8
$18) 17. Nxe6 Qxe6 18. Qxe6 fxe6 19. Rxe4 {Black has managed somehow to
exchange QQ and to avoid an immediate mating attack, but still his position
remains lost.} Bd6 20. Be3 Kb8 21. Rxe6 {White is not only a pawn up, he has
also a great positional advantage. The rest is quite simple.} Na5 22. Re1 Rde8
23. d5 Rxe6 24. dxe6 Re8 25. f4 $1 {The easiest way, White is simply
threatening to push the kingside pawns.} Rxe6 26. Ba7+ Kxa7 27. Rxe6 Nc4 28.
Bd5 Nxb2 29. a5 $1 {/\ 30.Re8} c6 30. Rxd6 cxd5 31. Rxd5 Nc4 32. Rd7+ Kb8 33.
Rd4 Nxa5 34. Rxb4+ Kc7 35. f5 1-0